000 00582nam a2200169 a 4500
008 070206s1998 ||||||||||||||||| || u
050 _aQA 76.73.C153 Sed.
100 _aSedgewick, Robert
245 1 0 _aAlgorithms in C++
250 _a3rd ed.
260 _aBoston
_bAddison-Wesley
_c1998
300 _axix, 716p. ;iil.
350 _a0.00
650 _aC++
650 0 _aC++ (COMPUTER PROGRAM LANGUAGE)
995 _D0.00
_FCBU-MAIN LIBRARY (Kitwe)
_H1
_I0.00
_M1
_UAVAILABLE
_WFeb 6, 2007
_ZAnnex Low-Usage Collection
999 _c34077
_d34077